000 00306nam a2200145Ia 4500
100 _aGilliatt/Mary
650 _aGeneral
942 _cBK
654 _aDecorating Book
245 _aDecorating Book
260 _bDorling Kindensley
_aLondon
_c1981
082 _a747
300 _a368
546 _aENGLISH
999 _c29022
_d29022